000 00305nam a2200121 a 4500
005 20140414131900.0
008 100916s19uu xx 00 eng d
050 _aFIC
_bJ71 2006
100 _aJones, Jasmine
245 _aQueen of hearts.
260 _aNew York :
_bDisney Press,
_c2006.
999 _c110624
_d110624